Red Leather - Future & Metro Boomin feat. J. Cole (Full lyrics) - Statistics

General Stats
  • This quiz has been taken 7 times
  • The average score is 833 of 1095
Answer Stats
Lyrics % Correct
a
100%
A
100%
all
100%
All-
100%
be
100%
doin'?
100%
doin'
100%
Don't
100%
don't
100%
ear
100%
enough
100%
feel
100%
for
100%
for?
100%
forever
100%
freak
100%
from
100%
got
100%
Got
100%
head
100%
her
100%
his
100%
Hmm,
100%
hoes,
100%
hoes
100%
I
100%
I'm
100%
in
100%
is
100%
it
100%
it's
100%
It's
100%
like
100%
Like
100%
long
100%
me
100%
me,
100%
Me
100%
Nah,
100%
no
100%
not
100%
Now
100%
now
100%
now,
100%
of
100%
Of
100%
off
100%
on
100%
on,
100%
On
100%
one
100%
one,
100%
play
100%
playground
100%
Pluto
100%
put
100%
Put
100%
sin?
100%
sin
100%
so
100%
song
100%
that
100%
that's
100%
the
100%
The
100%
them
100%
to
100%
Turn
100%
turn
100%
uh
100%
with
100%
you
100%
you,
100%
at
83%
baby,
83%
bag
83%
been
83%
chicken
83%
Cut
83%
cut
83%
dance
83%
Day
83%
emotions,
83%
freaks
83%
girlfriends,
83%
Glocks
83%
hard
83%
heart
83%
Hey
83%
If
83%
inflation
83%
just
83%
La
83%
late
83%
lean,
83%
lie
83%
liquor
83%
love
83%
money
83%
my
83%
My
83%
Never
83%
never
83%
only
83%
opium
83%
peace,
83%
Playin'
83%
playin'
83%
playin',
83%
puttin'
83%
rap
83%
Real
83%
real
83%
real,
83%
reason
83%
remember
83%
Rose
83%
run
83%
Runnin'
83%
runnin'
83%
see
83%
See
83%
sensation?
83%
Shawty
83%
shawty
83%
She
83%
she
83%
show
83%
sip
83%
star
83%
stay
83%
Still
83%
still
83%
streets
83%
streets,
83%
they
83%
this
83%
though?
83%
through
83%
Through
83%
toughest
83%
Towers
83%
trophy
83%
trust,
83%
twenty
83%
Twin
83%
up
83%
want
83%
Wanted
83%
ways,
83%
we
83%
what
83%
when
83%
whiff
83%
Why
83%
wrong
83%
your
83%
6'4",
67%
action,
67%
age
67%
alone,
67%
ancestors
67%
and
67%
And
67%
Astro
67%
attraction
67%
authority
67%
baddie,
67%
balled
67%
beatin'
67%
bitch
67%
Bitch,
67%
bitch,
67%
bitches
67%
blades,
67%
blicks
67%
boy
67%
bring
67%
but
67%
But
67%
can
67%
can't
67%
clever,
67%
Codeine
67%
codeine,
67%
college
67%
comes
67%
conscious
67%
could
67%
"Could
67%
damn,
67%
Damn,
67%
dancer
67%
devil
67%
does
67%
dogs
67%
done
67%
dub
67%
education
67%
emotional
67%
End
67%
endless,
67%
energy
67%
error
67%
extend
67%
fed
67%
Forever's
67%
Fuck
67%
fuck
67%
Future
67%
get
67%
gettin'
67%
give
67%
God
67%
gon'
67%
heard
67%
How
67%
how
67%
huggin'
67%
impatient
67%
incomin'
67%
into
67%
Kept
67%
keystroke
67%
know
67%
Kobe
67%
leather
67%
Leave
67%
lot
67%
makin'
67%
maybe
67%
metaphor
67%
Metro
67%
Might
67%
more
67%
myself,
67%
nigga,
67%
nigga
67%
nose
67%
obvious
67%
older
67%
ones
67%
Onyx
67%
out
67%
over
67%
paper
67%
Penn
67%
power
67%
premises
67%
proximity
67%
rapper
67%
really
67%
red
67%
right
67%
rings
67%
risk
67%
rougher
67%
'round
67%
send
67%
shit,
67%
shit
67%
shots
67%
shoulder
67%
similes
67%
some
67%
Station
67%
stop
67%
stories
67%
stripper
67%
strong,
67%
taste
67%
temptation
67%
think
67%
thinkin'
67%
Thinkin'
67%
Throw
67%
Times
67%
totally
67%
track
67%
train
67%
Try
67%
turned
67%
tweet
67%
Ville
67%
wanna
67%
was
67%
wasted
67%
wastin'
67%
where
67%
whisper
67%
will
67%
Willpower,
67%
woman?"
67%
would
67%
young
67%
Young
67%
acid
50%
addict,
50%
again
50%
ain't
50%
aliens
50%
Amsterdam,
50%
ask
50%
back
50%
back,
50%
bags
50%
Bahamas
50%
bands
50%
best
50%
better
50%
black
50%
blastin',
50%
Came
50%
came
50%
causin'
50%
check,
50%
commitment
50%
Coppin'
50%
dedication
50%
deserve
50%
Diamonds
50%
drug,
50%
Ego,
50%
eighty
50%
Either
50%
faded
50%
few
50%
fucked
50%
grave
50%
gunner
50%
had
50%
Had
50%
hand
50%
have
50%
headache
50%
iced
50%
King
50%
Kingston
50%
last
50%
levels
50%
lit,
50%
make
50%
McLovin
50%
Mercedes-Benz
50%
movement
50%
much
50%
nameless
50%
new
50%
night
50%
or
50%
pardon
50%
Parliament
50%
party
50%
passport
50%
patience
50%
piece
50%
pill
50%
Pissin'
50%
radius
50%
ready,
50%
ready?
50%
rebel
50%
rebel,
50%
relapse
50%
remain
50%
Rubi
50%
same
50%
sand
50%
Screenshot
50%
since
50%
slang
50%
stars,
50%
stars
50%
started
50%
stayin'
50%
stick
50%
switch
50%
Take
50%
take
50%
These
50%
these
50%
throwin'
50%
thuggin'
50%
Toast
50%
trap
50%
tryna
50%
typin'
50%
veggies
50%
wife
50%
wood
50%
world
50%
Yeah,
50%
yourself
50%
Abracadabra,
33%
added
33%
address?
33%
another
33%
arm
33%
arrogant,
33%
Audemars,
33%
Avenue,
33%
Barts,
33%
boat
33%
body
33%
bought
33%
broads,
33%
burgundy
33%
California
33%
Carmelo
33%
caught
33%
Caught
33%
'cause
33%
Celtic
33%
Chanel
33%
change
33%
Davis
33%
deaded
33%
did
33%
double-R
33%
down
33%
Duggan,
33%
every
33%
Everything
33%
excuse
33%
FedEx
33%
feelin'
33%
foreign
33%
ghetto
33%
gold
33%
gotta
33%
graded
33%
green
33%
grudge
33%
guitars
33%
Hacksaw
33%
headrest
33%
housing,
33%
I'ma
33%
Jim
33%
Keep
33%
Larry
33%
lashes
33%
left
33%
look
33%
lookin'
33%
lost
33%
made
33%
Magic,
33%
medies
33%
Mille
33%
molly
33%
Motherfuckin'
33%
mud
33%
must've
33%
once
33%
Patek
33%
perjury
33%
pineapple
33%
please
33%
presi'
33%
Presidential
33%
pussy
33%
radical,
33%
ran
33%
recorded
33%
Richard
33%
ride
33%
rock
33%
Rosettas
33%
Saint
33%
Saks
33%
selfish
33%
share
33%
side
33%
Sippin'
33%
Smash
33%
sound
33%
spa
33%
tell
33%
thumb
33%
Timbs,
33%
tints
33%
tippy-
33%
toe
33%
Tokyo,
33%
transporter
33%
transporter,
33%
trench,
33%
trifling
33%
trim,
33%
Turbo
33%
veneers
33%
V.I.P.,
33%
weighed
33%
while
33%
whip
33%
Whip
33%
white
33%
whole
33%
work
33%
Bentayga
17%
big
17%
bird
17%
blowed
17%
care
17%
dark
17%
faces
17%
feathers
17%
Fifth
17%
Follies
17%
goons,
17%
hit
17%
I'll
17%
Introduced
17%
kick
17%
Lifestyle's
17%
Panamera,
17%
robbers
17%
seat
17%
soccer
17%
Went
17%
No matching quizzes found
Score Distribution
Percent of People with Each Score
Percentile by Number Answered
Your Score History
You have not taken this quiz